Title in the Lyrics -- Songs That Start With W - Statistics

General Stats
  • This quiz has been taken 463 times
  • The average score is 9 of 15
Answer Stats
Lyrics Title % Correct
If you _______ my lover, you gotta get with my friends / Make it last forever friendship never ends Wannabe
93%
I came in like a ________ ____ / I never hit so hard in love Wrecking Ball
91%
I see trees of green / Red roses too / I see them bloom / For me and you / And I think to myself / ____ _ _________ _____ What a Wonderful World
84%
____ __ ____? / Baby, don't hurt me / Don't hurt me, no more What is Love
83%
Tonight / __ ___ _____ / So let’s set the world on fire / We can burn brighter than the sun We Are Young
80%
So ____ __ __ when it's all over / When I'm wiser and I'm older Wake Me Up
72%
__ _____ ____ in a hopeless place / __ _____ ____ in a hopeless place We Found Love
71%
__ ___ ___ _________, my friends / And we'll keep on fighting 'til the end We Are the Champions
66%
Take you to every party / 'Cause I remember how much you loved to dance / Do all the things I should have done / ____ _ ___ ____ ___ When I Was Your Man
59%
I'm a cowboy, on a steel horse I ride / I'm wanted ( ______ ) ____ __ _____ Wanted Dead or Alive
52%
_________, woman-_________, you're a _________ / Oh, _________, oh, you're a _________, baby / You, you, you are. You, you, you are / _________, _________, _________ ( _________ ) Womanizer
44%
I said / ___, huh good God y'all / What is it good for? / Absolutely nothing, just say it again War
40%
I can't quit now, this can't be right / I can't take one more sleepless night / _______ ___ Without You
31%
If I'd been out till quarter to three / Would you lock the door? / Will you still need me, will you still feed me / ____ ___ _____ ____? When I'm Sixty Four
29%
Boy you can say anything you wanna / I don't give a shh, no one else can have ya / I ____ _ ____ / I ____ _ ____ / Wa-want u, ____ _ ____ / Uh Want U Back
26%
No matching quizzes found
Score Distribution
Percent of People with Each Score
Percentile by Number Answered
Your Score History
You have not taken this quiz